Charakterizácia monomorfných a biomorfných mikroaktuátorov = Features of monomorph and biomorph actuators : Dipl.práca

Gespeichert in:
Bibliographische Detailangaben
1. Verfasser: Turanský, Rastislav (Verfasst von)
Weitere Verfasser: Vaněk, Oldřich (Betreuung Doktorarbeit), Držík, Milan, 1949- (Betreuung Doktorarbeit)
Format: Manuskript Buch
Sprache:Slowakisch
Veröffentlicht: Bratislava : STU v Bratislave FEI, 1999
Schlagworte:
Tags: Tag hinzufügen
Keine Tags, Fügen Sie das erste Tag hinzu!

MARC

LEADER 00000ntm a22000003a 4500
001 stu52760
005 20160719164856.5
008 000323s1999----xo------------------slo-d
040 |a STU  |b slo 
041 0 |a slo 
044 |a xo 
100 1 |a Turanský, Rastislav  |4 aut 
245 1 |a Charakterizácia monomorfných a biomorfných mikroaktuátorov = Features of monomorph and biomorph actuators :  |b Dipl.práca 
260 |a Bratislava :  |b STU v Bratislave FEI,  |c 1999 
300 |a 67 s  |c príl. 16 s. 
650 7 |a elektronika  |2 stusub 
700 1 |a Vaněk, Oldřich  |4 ths  |u E210  |U FEI Fakulta elektrotechniky a informatiky  |T FEI Katedra mikroelektroniky  |U E210  |Y 68 
700 1 |a Držík, Milan,  |d 1949-  |4 ths  |X 46954  |7 A000046954